[Event "27th Hoogeveen Open 2024"]
[Site "Hoogeveen NED"]
[Date "2024.10.26"]
[Round "1.23"]
[White "Ten Dam, Bram"]
[Black "Terlouw, Wouter"]
[Result "1-0"]
[BlackTitle "CM"]
[WhiteElo "2006"]
[BlackElo "2198"]
[WhiteFideId "40104877"]
[BlackFideId "1087401"]
[EventDate "2024.10.26"]

1. e4 c5 2. Nf3 Nc6 3. d4 cxd4 4. Nxd4 Nf6 5. Nc3 e5 6. Ndb5 d6 7. Bg5 a6 8. Na3
b5 9. Nd5 Be7 10. Bxf6 Bxf6 11. c3 O-O 12. Nc2 Rb8 13. Bd3 Bg5 14. O-O Be6 15.
Nce3 Ne7 16. Bc2 Nxd5 17. Nxd5 a5 18. Qd3 Qc8 19. Rad1 Qc5 20. Qg3 Bh6 21. Bb1
Kh8 22. a3 f5 23. b4 Qc4 24. Bd3 Qc6 25. Ne7 Qxc3 26. exf5 Bb3 27. Rb1 Rbe8 28.
Bxb5 Qxg3 29. hxg3 Rxe7 30. Rxb3 Rxf5 31. Bc6 e4 32. Re1 Rfe5 33. b5 Bd2 34. Re2
a4 35. Rb1 Ba5 36. b6 g6 37. b7 Bc7 38. b8=Q+ Bxb8 39. Rxb8+ Kg7 40. Rb7 Rxb7
41. Bxb7 d5 42. f4 Re7 43. Bxd5 e3 44. Bc6 Kf6 45. Bxa4 Ra7 46. Bb3 Re7 47. Bc2
g5 48. Kf1 h5 49. Re1 Rc7 50. Be4 Rc3 51. Ra1 h4 52. fxg5+ Ke5 53. Bf3 hxg3 54.
a4 Rc2 55. a5 Rf2+ 56. Kg1 Rc2 57. a6 e2 58. Bxe2 1-0

[Event "27th Hoogeveen Open 2024"]
[Site "Hoogeveen NED"]
[Date "2024.10.26"]
[Round "1.24"]
[White "Bakija, Alan"]
[Black "Van der Lubben, Arno"]
[Result "1-0"]
[WhiteElo "2192"]
[BlackElo "1997"]
[WhiteFideId "1068016"]
[BlackFideId "1068920"]
[EventDate "2024.10.26"]

1. Nf3 d5 2. g3 Nd7 3. Bg2 e5 4. d3 Ngf6 5. O-O Bd6 6. c4 c6 7. Nc3 O-O 8. cxd5
cxd5 9. b3 Re8 10. Bb2 a6 11. Nd2 Nb6 12. a4 Be6 13. Rc1 Rc8 14. e4 Bb4 15. Nxd5
Nbxd5 16. Rxc8 Qxc8 17. exd5 Bxd5 18. Nc4 Qc6 19. Bxd5 Qxd5 20. Ne3 Qe6 21. Qc2
Rc8 22. Qb1 Nd7 23. d4 Qxb3 24. dxe5 Qxa4 25. Qf5 Re8 26. Rd1 Nf8 27. Qg4 Qb3
28. Nd5 Ng6 29. Ba1 Bc5 30. Nc7 h5 31. Qe2 Rc8 32. Nd5 h4 33. e6 hxg3 34. exf7+
Kxf7 35. Rd3 gxh2+ 36. Kg2 Rh8 37. Rf3+ Qxf3+ 38. Qxf3+ Kg8 39. Kh1 Rh6 1-0

[Event "27th Hoogeveen Open 2024"]
[Site "Hoogeveen NED"]
[Date "2024.10.26"]
[Round "1.25"]
[White "Bruggink, Tycho"]
[Black "Duson, Robin"]
[Result "1/2-1/2"]
[WhiteElo "1992"]
[BlackElo "2177"]
[WhiteFideId "1050028"]
[BlackFideId "1055038"]
[EventDate "2024.10.26"]

1. e4 e5 2. Nf3 Nc6 3. d4 exd4 4. Nxd4 Nf6 5. Nxc6 bxc6 6. e5 Qe7 7. Qe2 Nd5 8.
h4 Qe6 9. Nd2 a5 10. g3 Nb4 11. Nf3 Ba6 12. c4 c5 13. a3 Nc6 14. Bf4 h6 15. Rc1
g6 16. Bh3 Qe7 17. O-O Bg7 18. Rfd1 Rd8 19. Qe3 O-O 20. Bxh6 Nxe5 21. Bg5 f6 22.
Qxe5 Qxe5 23. Nxe5 fxg5 24. Nxg6 Rf3 25. Rc2 Bd4 26. Ne7+ Kf7 27. Nf5 gxh4 28.
Nxd4 cxd4 29. Bg2 Rb3 30. c5 Kf6 31. Rxd4 hxg3 32. Rg4 Rdb8 33. fxg3 Rxb2 34.
Rf4+ Kg5 35. Rxb2 Rxb2 36. Rd4 Bb5 37. a4 Bc6 38. Bxc6 1/2-1/2

[Event "27th Hoogeveen Open 2024"]
[Site "Hoogeveen NED"]
[Date "2024.10.26"]
[Round "1.26"]
[White "Aravindhan, Achyuth"]
[Black "Westerlaan, Sander"]
[Result "1-0"]
[WhiteTitle "CM"]
[WhiteElo "2173"]
[BlackElo "1979"]
[WhiteFideId "1084216"]
[BlackFideId "1044346"]
[EventDate "2024.10.26"]

1. e4 c5 2. Nf3 Nc6 3. d4 cxd4 4. Nxd4 e5 5. Nb5 d6 6. c4 Be6 7. N1c3 a6 8. Na3
g6 9. Be2 Bg7 10. O-O Rc8 11. Be3 Nf6 12. Qd2 O-O 13. Rad1 Nd4 14. Bd3 Qa5 15.
f4 Ng4 16. f5 Bd7 17. h3 Nxe3 18. Qxe3 f6 19. Nd5 Rce8 20. Nc2 Nxc2 21. Bxc2
gxf5 22. exf5 Qc5 23. b4 Qxe3+ 24. Nxe3 Bh6 25. Ng4 Bg5 26. Rxd6 Bc8 27. Be4 Kf7
28. Rfd1 Ke7 29. Bxb7 Bxf5 30. Bxa6 h5 31. Nf2 e4 32. g4 Bf4 33. Rb6 Rg8 34.
Rb7+ Kf8 35. Rb6 Be6 36. Bb5 Re7 37. Rd8+ Kf7 38. Rxg8 Kxg8 39. Kf1 e3 40. Ne4
e2+ 41. Kxe2 f5 42. Nc5 Bxc4+ 43. Kf3 fxg4+ 44. hxg4 Bxa2 45. Kxf4 Rf7+ 46. Kg3
hxg4 47. Rb8+ Kg7 48. Rb7 Rxb7 49. Nxb7 Kf6 50. Kxg4 Ke5 51. Na5 Kd4 52. Bc6 Kc3
53. b5 Kb4 54. b6 Be6+ 55. Kf4 Bc8 56. b7 Bxb7 57. Nxb7 Kc4 58. Ke3 Kc3 59. Nd6
Kb4 60. Kd4 Kb3 61. Bd5+ Kb4 62. Bc4 Ka3 63. Kc3 Ka4 64. Nb7 Ka3 65. Bb5 Ka2 66.
Na5 Ka3 67. Nc4+ Ka2 68. Ne3 Ka3 69. Nc2+ Ka2 70. Bc4+ Kb1 71. Bb3 Kc1 72. Ba2
Kd1 73. Kd3 Kc1 74. Kc3 Kd1 75. Nd4 Ke1 76. Bd5 Kd1 77. Be4 Ke1 78. Kd3 Kf2 79.
Ne2 Ke1 80. Ke3 Kd1 81. Bd3 Ke1 82. Bc2 Kf1 83. Nf4 Ke1 84. Ng2+ Kf1 85. Kf3 Kg1
86. Kg3 Kf1 87. Bd3+ Kg1 88. Nf4 Kh1 89. Be2 Kg1 90. Nh3+ Kh1 91. Bf3# 1-0

[Event "27th Hoogeveen Open 2024"]
[Site "Hoogeveen NED"]
[Date "2024.10.26"]
[Round "1.27"]
[White "Verheij, Dana"]
[Black "Van Helvoort, Rob"]
[Result "0-1"]
[WhiteElo "1972"]
[BlackElo "2164"]
[WhiteFideId "1063790"]
[BlackFideId "1005596"]
[EventDate "2024.10.26"]

1. e4 e6 2. Nf3 d5 3. e5 c5 4. b4 cxb4 5. a3 Nc6 6. axb4 Bxb4 7. c3 Be7 8. d4 f5
9. Bd3 Nh6 10. h3 Nf7 11. g4 g6 12. Rg1 b6 13. Na3 Na5 14. h4 Bd7 15. gxf5 exf5
16. h5 Rg8 17. Bf4 Bxa3 18. Rxa3 Qe7 19. Bc1 Rc8 20. Qd2 Kf8 21. Qf4 Qe6 22. Nh4
Rc7 23. hxg6 hxg6 24. Ra2 Nc4 25. Kf1 a5 26. Nxg6+ Rxg6 27. Rxg6 Qxg6 28. e6 Qh5
29. Qxc7 Bxe6 30. Qb8+ Ke7 31. Qc7+ Kf6 32. Bxc4 Qh1+ 33. Ke2 Qxc1 34. Bd3 f4
35. Rc2 Bg4+ 36. f3 Qe3+ 37. Kd1 Qxd3+ 38. Kc1 Qf1+ 39. Kb2 Qxf3 40. Qxb6+ Be6
41. Qxa5 Qd3 42. Qc7 Qe3 43. Rg2 Qe4 44. Rf2 f3 45. Qg3 Bg4 46. Qh4+ Ke6 47. Kb3
Kd7 48. Ra2 Nd6 49. Qf6 Qb1+ 50. Rb2 Qd1+ 51. Kb4 Qd3 52. Qg7+ Kc6 53. Kb3 Qb5+
54. Kc2 Bf5+ 55. Kc1 Qf1+ 56. Kd2 Nc4# 0-1

[Event "27th Hoogeveen Open 2024"]
[Site "Hoogeveen NED"]
[Date "2024.10.26"]
[Round "1.28"]
[White "Kazarjan, Gachatur"]
[Black "Ambrona Navarro, Himar"]
[Result "1-0"]
[WhiteElo "2163"]
[BlackElo "1971"]
[WhiteFideId "1068750"]
[BlackFideId "94740925"]
[EventDate "2024.10.26"]

1. e4 c6 2. d4 d5 3. Nd2 dxe4 4. Nxe4 Nf6 5. Nxf6+ exf6 6. c3 Bd6 7. Bd3 O-O 8.
Qc2 Re8+ 9. Ne2 h5 10. Be3 h4 11. g3 h3 12. O-O-O Qa5 13. Kb1 Bg4 14. c4 c5 15.
a3 cxd4 16. Bh7+ Kh8 17. Rxd4 Qh5 18. Rxd6 Qxh7 19. Qxh7+ Kxh7 20. Nf4 Nc6 21.
b3 Rad8 22. Rxd8 Rxd8 23. Re1 Nd4 24. Bxd4 Rxd4 25. Kc2 Rd7 26. Kc3 g5 27. Nd5
Kg6 28. Re8 Rd6 29. Ne3 Be6 30. g4 Kg7 31. b4 Rd7 32. Ra8 b6 33. Re8 Kh7 34. Rb8
Kg7 35. a4 Re7 36. Rd8 Rc7 37. Kd4 Kh7 38. Rd6 Kg7 39. Rd8 Kh7 40. Rb8 Rd7+ 41.
Kc3 Rc7 42. a5 bxa5 43. bxa5 Kg6 44. Rb5 Bd7 45. Rb2 f5 46. Nd5 Rc5 47. Kb4 Rxd5
48. cxd5 fxg4 49. Kc5 f5 50. Rb7 Ba4 51. d6 f4 52. d7 Bxd7 53. Rxd7 Kf5 54. Rxa7
g3 55. fxg3 fxg3 56. hxg3 Kg6 57. Rb7 1-0

[Event "27th Hoogeveen Open 2024"]
[Site "Hoogeveen NED"]
[Date "2024.10.26"]
[Round "1.29"]
[White "Gerrits, Augustin"]
[Black "Boeren, Jurriaan"]
[Result "0-1"]
[WhiteElo "1939"]
[BlackElo "2159"]
[WhiteFideId "285358"]
[BlackFideId "1067478"]
[EventDate "2024.10.26"]

1. e4 e6 2. d4 d5 3. Nc3 Nf6 4. Bg5 dxe4 5. Nxe4 Be7 6. Bxf6 gxf6 7. Nf3 f5 8.
Ng3 h5 9. Bd3 h4 10. Ne2 a6 11. Qd2 b5 12. O-O-O h3 13. Rhg1 Bb7 14. Qe3 hxg2
15. Nf4 Qd6 16. Rxg2 Nd7 17. Kb1 Nf6 18. h3 O-O-O 19. Rg7 Nd5 20. Nxd5 Qxd5 21.
Ne5 Qxd4 22. Qxd4 Rxd4 23. Rxf7 Bd6 24. Ng6 Rxh3 25. Rf6 Bd5 26. Nf8 Be7 27. Rf7
Kd8 28. Ng6 Bd6 29. Re1 Rh1 30. Rxh1 Bxh1 31. Kc1 Bd5 32. Rh7 Rg4 33. Rh8+ Kd7
34. Rg8 Bf4+ 35. Kd1 Bd6 36. a3 Kc6 37. Ke2 Kb6 38. f3 Rg2+ 39. Ke3 e5 40. Bxf5
Bxg8 0-1

[Event "27th Hoogeveen Open 2024"]
[Site "Hoogeveen NED"]
[Date "2024.10.26"]
[Round "1.30"]
[White "Yasmo, Daniil"]
[Black "Darie, Aden"]
[Result "1-0"]
[WhiteElo "2156"]
[BlackElo "1928"]
[WhiteFideId "14199165"]
[BlackFideId "1094831"]
[EventDate "2024.10.26"]

1. d4 Nf6 2. c4 e6 3. Nf3 b6 4. Bg5 Bb4+ 5. Nc3 Bb7 6. Qc2 h6 7. Bh4 g5 8. Bg3
Ne4 9. Nd2 Bxc3 10. bxc3 f5 11. e3 d6 12. Nxe4 Bxe4 13. Qd2 Bb7 14. h4 Nd7 15.
hxg5 Qxg5 16. Bh4 Qg6 17. Be2 Nf6 18. Bxf6 Qxf6 19. Bh5+ Ke7 20. f3 Qg5 21.
O-O-O Rhg8 22. Rdg1 c5 23. d5 e5 24. g4 Raf8 25. f4 Qf6 26. gxf5 Qxf5 27. Bd1
Rxg1 28. Rxg1 Qf6 29. Bc2 exf4 30. Rg6 Qf7 31. Qg2 f3 32. Qg3 Kd8 33. Qxd6+ Kc8
34. Bf5+ Qxf5 35. Rg7 Qf7 36. Rxf7 Rxf7 37. Qe6+ Rd7 38. Qg8+ Rd8 39. Qg4+ Kc7
40. Qxf3 b5 41. Qf4+ Rd6 42. e4 bxc4 43. Qf1 a6 44. Qxc4 Kb6 45. a4 1-0

[Event "27th Hoogeveen Open 2024"]
[Site "Hoogeveen NED"]
[Date "2024.10.26"]
[Round "1.31"]
[White "Westerhof, Fleur"]
[Black "Duijker, Rick"]
[Result "0-1"]
[BlackTitle "FM"]
[WhiteElo "1904"]
[BlackElo "2154"]
[WhiteFideId "1080369"]
[BlackFideId "1010565"]
[EventDate "2024.10.26"]

1. e4 e6 2. d4 d5 3. e5 c5 4. c3 Nc6 5. Nf3 Bd7 6. a3 f6 7. Be2 fxe5 8. Nxe5
Nxe5 9. dxe5 Qc7 10. Bf4 O-O-O 11. Nd2 Nh6 12. Bxh6 gxh6 13. f4 Rg8 14. g3 Bc6
15. Bf3 h5 16. Qc2 h4 17. O-O-O Qg7 18. c4 hxg3 19. Rhg1 g2 20. Rxg2 Qh8 21.
Rxg8 Qxg8 22. cxd5 exd5 23. h3 Qg3 24. Qf5+ Kb8 25. Qg4 Qf2 26. f5 c4 27. Qf4 c3
28. bxc3 Bxa3+ 29. Kc2 d4 30. e6+ Ka8 31. Qc7 Ba4+ 32. Kb1 Rb8 33. e7 Bxe7 34.
Qxe7 Bxd1 35. Bxd1 Qxd2 36. Bc2 dxc3 37. f6 Rg8 38. Qxh7 Rg1+ 39. Ka2 Qd5+ 40.
Bb3 Qa5+ 0-1

[Event "27th Hoogeveen Open 2024"]
[Site "Hoogeveen NED"]
[Date "2024.10.26"]
[Round "1.32"]
[White "Lorscheid, Gerhard"]
[Black "Vaupot, Kajetan"]
[Result "1-0"]
[WhiteTitle "FM"]
[WhiteElo "2152"]
[BlackElo "1870"]
[WhiteFideId "4606000"]
[BlackFideId "14641003"]
[EventDate "2024.10.26"]

1. Nf3 d5 2. c4 e6 3. g3 Nf6 4. Bg2 Be7 5. O-O O-O 6. b3 c5 7. cxd5 exd5 8. d4
Nc6 9. Bb2 Bf5 10. Nc3 Rc8 11. Rc1 Re8 12. dxc5 Bxc5 13. Na4 Bf8 14. e3 Ne4 15.
Nd4 Bg6 16. Bh3 Rc7 17. Nb5 Rce7 18. Nac3 Nxc3 19. Rxc3 a6 20. Nd4 Nxd4 21. Qxd4
Re4 22. Qa7 R4e7 23. Rc8 Qa5 24. Rxe8 Rxe8 25. Qxb7 Qxa2 26. Bd4 Qc2 27. Ra1 Bd3
28. Bg2 Be4 29. f3 Bd3 30. Qd7 Rc8 31. Qxd5 Rb8 32. h4 Qxb3 33. Qxb3 Rxb3 34.
Bf1 Bb5 35. Bxb5 Rxb5 36. Rxa6 Rb8 37. Kg2 g6 38. g4 Bg7 39. Bb6 Rc8 40. f4 Re8
41. Kf3 h6 42. f5 gxf5 43. gxf5 Bf6 44. Bd4 Bxd4 45. exd4 Kg7 46. h5 Re1 47. f6+
Kh7 48. Kf4 Rh1 49. Ra5 Rh4+ 50. Ke3 Rh3+ 51. Ke4 Rh4+ 52. Kd3 Rf4 53. d5 Rxf6
54. Ke4 Rf1 55. d6 Re1+ 56. Kd5 Rd1+ 57. Kc6 Kg7 58. d7 Kf8 59. Ra8+ Ke7 60.
Re8+ Kf6 61. d8=Q+ Rxd8 62. Rxd8 Kg5 63. Kd5 Kxh5 64. Rg8 Kh4 65. Ke4 h5 66. Kf3
Kh3 67. Rg7 f5 68. Rg5 h4 69. Rh5 f4 70. Rh6 1-0

[Event "27th Hoogeveen Open 2024"]
[Site "Hoogeveen NED"]
[Date "2024.10.27"]
[Round "2.1"]
[White "Karthikeyan, Murali"]
[Black "Plukkel, Sjoerd"]
[Result "1-0"]
[WhiteTitle "GM"]
[BlackTitle "FM"]
[WhiteElo "2624"]
[BlackElo "2210"]
[WhiteFideId "5074452"]
[BlackFideId "1008676"]
[EventDate "2024.10.26"]

1. d4 Nf6 2. Nf3 e6 3. c4 Bb4+ 4. Nbd2 O-O 5. g3 b6 6. Bg2 Bb7 7. O-O Qc8 8. a3
Be7 9. Re1 Ne4 10. Qc2 f5 11. d5 exd5 12. cxd5 Bxd5 13. Nd4 Bc5 14. Nxe4 fxe4
15. Bxe4 Bxe4 16. Qxe4 c6 17. Bf4 Re8 18. Qd3 d5 19. Rac1 Nd7 20. e4 dxe4 21.
Rxe4 Nf6 22. Qc4+ Kh8 23. Rxe8+ Qxe8 24. Ne6 Nd5 25. Nxc5 Nxf4 26. Qxf4 bxc5 27.
Rxc5 Rd8 28. Qf3 Rd6 29. Re5 Qb8 30. Qe4 Rd8 31. b4 h6 32. Re7 Qb6 33. Qe5 Rg8
34. Re6 Rf8 35. Rxh6+ Kg8 36. Qe6+ Rf7 37. Qe8+ Rf8 38. Rh8+ Kxh8 39. Qxf8+ Kh7
40. Qf5+ Kg8 41. Kg2 Qc7 42. Qe6+ Kh7 43. h4 g6 44. Qe4 c5 45. bxc5 Qxc5 46. h5
Qxh5 47. Qh4 1-0

[Event "27th Hoogeveen Open 2024"]
[Site "Hoogeveen NED"]
[Date "2024.10.27"]
[Round "2.2"]
[White "Sankalp, Gupta"]
[Black "Mostertman, Milan"]
[Result "1-0"]
[WhiteTitle "GM"]
[BlackTitle "FM"]
[WhiteElo "2534"]
[BlackElo "2201"]
[WhiteFideId "5097010"]
[BlackFideId "1025848"]
[EventDate "2024.10.26"]

1. e4 c5 2. Nf3 d6 3. d4 cxd4 4. Qxd4 Nc6 5. Qe3 Nf6 6. Be2 g6 7. O-O Bg7 8. h3
O-O 9. Rd1 b6 10. e5 Ne8 11. Nc3 Bb7 12. e6 f5 13. Qf4 Nc7 14. Qh4 Ne5 15. Nxe5
Bxe5 16. Bg5 Bf6 17. Bc4 d5 18. Bxd5 Nxd5 19. Nxd5 Bxd5 20. c4 Qd6 21. Bxf6 Rxf6
22. cxd5 f4 23. Rd2 Rc8 24. Rad1 h5 25. f3 Rf5 26. Qe1 Re5 27. Qf1 Rc5 28. Qd3
Kh7 29. Qb3 a6 30. Kh2 Re3 31. Qb4 Qe5 32. Qxb6 Rb5 33. Qxa6 Rxb2 34. Qa7 Rxd2
35. Qxe7+ Kh6 36. Rxd2 Re1 37. Qc5 h4 38. Qd4 Qd6 39. Qf2 Qe5 40. Qd4 Qd6 41.
Rc2 Kg5 42. Qc5 Qa6 43. d6+ Kh6 44. Qf2 1-0

[Event "27th Hoogeveen Open 2024"]
[Site "Hoogeveen NED"]
[Date "2024.10.27"]
[Round "2.3"]
[White "Nissinen, Niilo Man"]
[Black "Brunello, Sabino"]
[Result "0-1"]
[WhiteTitle "CM"]
[BlackTitle "GM"]
[WhiteElo "2204"]
[BlackElo "2514"]
[WhiteFideId "30950767"]
[BlackFideId "813613"]
[EventDate "2024.10.26"]

1. e4 c5 2. Nf3 d6 3. d4 cxd4 4. Nxd4 Nf6 5. Nc3 a6 6. Bd3 g6 7. f3 Nc6 8. Nxc6
bxc6 9. O-O Bg7 10. Kh1 O-O 11. Bc4 e6 12. Qe2 d5 13. Rd1 Qc7 14. Bb3 a5 15.
exd5 cxd5 16. Nb5 Qb8 17. a4 Nh5 18. Nd4 Bb7 19. Qf2 e5 20. Ne2 d4 21. Ng3 Nf6
22. Re1 Bd5 23. Bxd5 Nxd5 24. Qe2 Rc8 25. Qd1 Nb4 26. Re2 Qc7 27. c3 dxc3 28.
bxc3 Qxc3 29. Bb2 Qc7 30. Rc1 Qe7 31. Rxc8+ Rxc8 32. f4 Rd8 33. Qa1 Nd3 34. Bxe5
Nxf4 35. Bxg7 Nxe2 36. Bf6 Qa3 37. Qe1 Nxg3+ 38. hxg3 Rc8 39. Qxa5 Qxg3 0-1

[Event "27th Hoogeveen Open 2024"]
[Site "Hoogeveen NED"]
[Date "2024.10.27"]
[Round "2.4"]
[White "Zwirs, Nico"]
[Black "Bakija, Alan"]
[Result "1/2-1/2"]
[WhiteTitle "IM"]
[WhiteElo "2474"]
[BlackElo "2192"]
[WhiteFideId "1036432"]
[BlackFideId "1068016"]
[EventDate "2024.10.26"]

1. e4 e5 2. Nf3 Nc6 3. Bc4 Nf6 4. d3 d5 5. exd5 Nxd5 6. O-O Nb6 7. Bb5 Bd6 8.
Bxc6+ bxc6 9. Nxe5 O-O 10. f4 Bxe5 11. fxe5 Qd4+ 12. Kh1 Qxe5 13. Nc3 Nd5 14.
Bd2 Be6 15. Qf3 Nxc3 16. Bxc3 Qg5 17. Qf4 Qxf4 18. Rxf4 f6 19. Kg1 a6 20. Ba5
Rab8 21. b3 Rb7 22. Re1 Kf7 23. Rfe4 Re8 24. Kf2 h6 25. R1e2 Bd7 26. Rxe8 Bxe8
27. a4 Bd7 28. Ke3 Ke6 29. Kd4+ Kd6 30. Be1 Be6 31. Bg3+ Kd7 32. Kc5 Bf7 33. h3
Bd5 34. b4 Bf7 35. Re4 Be8 36. Rd4+ Kc8 37. Re4 Kd7 38. Rd4+ Kc8 39. Rg4 g5 40.
Re4 Kd7 41. Be1 f5 42. Re5 Bg6 43. h4 Rb8 44. hxg5 hxg5 45. Bd2 g4 46. Kd4 Re8
47. Bf4 Rxe5 48. Kxe5 g3 49. Bxg3 Bh5 50. Kd4 Bd1 51. Kc3 Be2 52. Bf4 Bf1 53. g3
Be2 54. a5 Bf3 55. Kd4 Bd1 56. Kc3 Bf3 57. Kd2 Bg2 58. Ke3 Kc8 59. Be5 Bh3 60.
Kf4 Bg4 61. Kg5 Kd7 62. Kf6 Bh3 63. Bf4 Bg4 64. Ke5 Bh3 65. Be3 Bg4 66. Bd2 Bh3
67. d4 Bg4 68. c4 Be2 69. Kxf5 Bxc4 70. g4 Ke7 71. Kg6 Kf8 72. Kh7 Bd3+ 73. Kh8
Kf7 74. Bf4 Be4 75. Bxc7 Bd3 76. Bf4 Be4 77. Bc1 Bd3 78. Bd2 Be4 79. Be3 Bd3 80.
d5 cxd5 81. g5 Kg6 82. Kg8 Bb5 83. Kf8 Bc4 84. Ke7 Bb5 85. Ke6 Bc4 86. Ke5 Bb5
87. Kxd5 Bf1 88. Bd2 Bb5 89. Ke4 Bf1 90. b5 Bxb5 91. Be3 1/2-1/2

[Event "27th Hoogeveen Open 2024"]
[Site "Hoogeveen NED"]
[Date "2024.10.27"]
[Round "2.5"]
[White "De Winter, Arthur"]
[Black "Aravindhan, Achyuth"]
[Result "1-0"]
[WhiteTitle "IM"]
[BlackTitle "CM"]
[WhiteElo "2435"]
[BlackElo "2173"]
[WhiteFideId "1069020"]
[BlackFideId "1084216"]
[EventDate "2024.10.26"]

1. d4 Nf6 2. c4 g6 3. Nc3 Bg7 4. e4 d6 5. Be2 O-O 6. Nf3 e5 7. O-O Nbd7 8. Be3
Qe7 9. Qc2 c6 10. d5 c5 11. g3 h6 12. Nh4 Nh7 13. a3 Ndf6 14. b4 b6 15. Rfb1 Kh8
16. a4 a5 17. bxc5 bxc5 18. Rb6 Nd7 19. Rb5 Nb8 20. Qd2 h5 21. Rab1 Qc7 22. Na2
Bf6 23. Nf3 Ba6 24. Rb6 Bd8 25. Ng5 Qxb6 26. Rxb6 Bxb6 27. Nxh7 Kxh7 28. Bg5 f6
29. Be3 Nd7 30. f4 exf4 31. gxf4 Rae8 32. Nc3 Rg8 33. Kf2 Re7 34. Bd3 Rge8 35.
Kf3 g5 36. e5+ Kg7 37. e6 g4+ 38. Kf2 Nf8 39. Ne4 Nxe6 40. Qb2 1-0

[Event "27th Hoogeveen Open 2024"]
[Site "Hoogeveen NED"]
[Date "2024.10.27"]
[Round "2.6"]
[White "Van Helvoort, Rob"]
[Black "Mamatov, Melis"]
[Result "1/2-1/2"]
[BlackTitle "FM"]
[WhiteElo "2164"]
[BlackElo "2358"]
[WhiteFideId "1005596"]
[BlackFideId "13800027"]
[EventDate "2024.10.26"]

1. e4 e5 2. Nf3 Nc6 3. Bb5 a6 4. Ba4 Nf6 5. d3 Bc5 6. Nc3 h6 7. Nd5 O-O 8. c3 d6
9. Nxf6+ Qxf6 10. h3 Nd8 11. d4 exd4 12. cxd4 Bb4+ 13. Bd2 Bxd2+ 14. Qxd2 c5 15.
Bc2 Nc6 16. O-O-O b5 17. dxc5 dxc5 18. Qd6 Qxd6 19. Rxd6 Bb7 20. Rhd1 Rfe8 21.
Rd7 Rab8 22. Rc7 Nb4 23. Bb1 Rec8 24. Rdd7 Rxc7 25. Rxc7 Nc6 26. e5 Nd8 27. Rxc5
Ne6 28. Rc3 Nf4 29. Rc7 Nxg2 30. Nd4 Rc8 31. Rxc8+ Bxc8 32. Nf5 Kf8 33. Be4 Nf4
34. h4 Be6 35. Nd4 Ke7 36. a3 Nh3 37. f3 Nf4 38. Kd2 Bc8 39. Kc3 Kd8 40. Nf5
Bxf5 41. Bxf5 Kc7 42. Kd4 h5 43. Bh7 g5 44. Ke4 Ne6 45. Bf5 gxh4 46. f4 Kd7 47.
b4 Kd8 48. Bh3 Nf8 49. Kd5 Ng6 50. Ke4 Ne7 51. f5 Nc8 52. Kf4 Nb6 53. Kg5 Ke8
54. Kxh4 Nc4 55. Bg2 Nxe5 56. Bb7 Nc4 57. Kxh5 Ke7 58. Kg5 f6+ 59. Kg6 Ne5+ 60.
Kg7 Nc4 61. Kg6 Nxa3 62. Bxa6 Nc2 63. Bxb5 Nxb4 64. Bc4 Nc6 65. Kg7 Nd4 66. Bd3
Nf3 67. Be4 Ne5 68. Bd5 Nd3 69. Be4 Nf4 70. Bc2 Nh5+ 71. Kg6 Nf4+ 72. Kg7 Ne2
73. Bd3 Ng1 74. Be4 Nh3 75. Bc2 Ng5 76. Bb3 Ne4 77. Bc2 Ng3 78. Bd3 Nh5+ 79. Kh6
Nf4 80. Bc4 Kd6 81. Bb3 Ke5 82. Bc2 Ng2 83. Kh5 Ne3 84. Bd3 Nd1 85. Bb1 Nc3 86.
Bd3 Nd5 87. Kg4 Ne3+ 88. Kg3 Kd4 89. Bb1 Nf1+ 90. Kf4 Nd2 91. Ba2 Nc4 92. Bxc4
Kxc4 93. Ke4 Kc5 94. Ke3 Kd5 95. Kd3 Ke5 96. Ke3 Kxf5 97. Kf3 Kg5 98. Kg3 f5 99.
Kf3 f4 100. Kf2 Kg4 101. Kg2 f3+ 102. Kf2 Kf4 103. Kf1 Ke3 104. Ke1 f2+ 105. Kf1
Kf3 1/2-1/2

[Event "27th Hoogeveen Open 2024"]
[Site "Hoogeveen NED"]
[Date "2024.10.27"]
[Round "2.7"]
[White "Bosboom, Manuel"]
[Black "Kazarjan, Gachatur"]
[Result "1-0"]
[WhiteTitle "IM"]
[WhiteElo "2354"]
[BlackElo "2163"]
[WhiteFideId "1000080"]
[BlackFideId "1068750"]
[EventDate "2024.10.26"]

1. c4 e6 2. g3 d5 3. Bg2 c5 4. cxd5 exd5 5. Nf3 Nc6 6. O-O Nf6 7. d4 Be7 8. Nc3
O-O 9. Be3 c4 10. Ne5 Qa5 11. Bg5 Be6 12. e3 h6 13. Bxf6 Bxf6 14. f4 Rad8 15. f5
Bxe5 16. fxe6 fxe6 17. dxe5 Rxf1+ 18. Qxf1 Qc5 19. Bh3 Qxe3+ 20. Kh1 Re8 21. Re1
Qb6 22. Qe2 Nb4 23. Rf1 Nd3 24. Qf3 Nxe5 25. Qh5 1-0

[Event "27th Hoogeveen Open 2024"]
[Site "Hoogeveen NED"]
[Date "2024.10.27"]
[Round "2.8"]
[White "Boeren, Jurriaan"]
[Black "Slagboom, Leandro"]
[Result "0-1"]
[BlackTitle "FM"]
[WhiteElo "2159"]
[BlackElo "2345"]
[WhiteFideId "1067478"]
[BlackFideId "1065882"]
[EventDate "2024.10.26"]

1. e4 e5 2. Nf3 Nc6 3. Bb5 a6 4. Ba4 Bc5 5. c3 Nf6 6. O-O O-O 7. d4 Ba7 8. dxe5
Nxe4 9. Qd5 Nc5 10. Bc2 Ne7 11. Qc4 d5 12. exd6 cxd6 13. Bg5 h6 14. Qh4 Re8 15.
b4 Ne6 16. Re1 Nxg5 17. Nxg5 Ng6 18. Rxe8+ Qxe8 19. Qe4 Bf5 0-1

[Event "27th Hoogeveen Open 2024"]
[Site "Hoogeveen NED"]
[Date "2024.10.27"]
[Round "2.9"]
[White "Smeets, Kobe"]
[Black "Yasmo, Daniil"]
[Result "1/2-1/2"]
[WhiteTitle "FM"]
[WhiteElo "2328"]
[BlackElo "2156"]
[WhiteFideId "1063910"]
[BlackFideId "14199165"]
[EventDate "2024.10.26"]

1. e4 e5 2. Nf3 Nc6 3. Bb5 Nf6 4. Nc3 Nd4 5. O-O Nxb5 6. Nxb5 c6 7. Nc3 Qc7 8.
d4 d6 9. Bg5 Be7 10. h3 b5 11. d5 b4 12. Bxf6 gxf6 13. Ne2 f5 14. exf5 Bxf5 15.
Ng3 Bg6 16. Re1 Rc8 17. dxc6 Qxc6 18. Rc1 Qb7 19. h4 h5 20. Qe2 Rc5 21. c3 Qc8
22. Qe3 bxc3 23. Rxc3 Rxc3 24. bxc3 Qc7 25. Ne4 d5 26. Ng3 f6 27. Qd2 Qd6 28.
Rd1 Kf7 29. Qxd5+ Qxd5 30. Rxd5 Rc8 31. Ne2 Rc5 32. Rxc5 Bxc5 33. Nd2 Ke6 34.
Kf1 Kd5 35. Ke1 Kc6 36. Nb3 Bb6 37. a4 Bc2 38. Nec1 Kd5 39. a5 Bd8 40. Kd2 Bxb3
41. Nxb3 Kc4 42. Kc2 f5 43. g3 a6 44. f3 f4 45. Nd2+ Kb5 46. Ne4 fxg3 47. Nxg3
Bxh4 48. Nxh5 Kc4 49. Ng7 Be1 50. Nf5 Bxc3 51. Ne3+ Kd4 52. Nf5+ Kc4 53. Nd6+
Kd5 54. Kxc3 Kxd6 55. Kd3 Kd5 56. Ke3 Kd6 57. Ke4 Ke6 58. Kd3 Kd5 59. Ke3 1/2-1/2

[Event "27th Hoogeveen Open 2024"]
[Site "Hoogeveen NED"]
[Date "2024.10.27"]
[Round "2.10"]
[White "De Jong, Migchiel"]
[Black "Lorscheid, Gerhard"]
[Result "1/2-1/2"]
[WhiteTitle "IM"]
[BlackTitle "FM"]
[WhiteElo "2288"]
[BlackElo "2152"]
[WhiteFideId "1002848"]
[BlackFideId "4606000"]
[EventDate "2024.10.26"]

1. Nf3 d6 2. d4 Nf6 3. c4 g6 4. Nc3 Bf5 5. Nh4 Bd7 6. e4 e5 7. Nf3 exd4 8. Nxd4
Bg7 9. Be2 Nc6 10. Be3 O-O 11. O-O Re8 12. f3 Nh5 13. Qd2 Nf4 14. Nxc6 Nxe2+ 15.
Nxe2 Bxc6 16. Bd4 Qe7 17. Bxg7 Kxg7 18. Nd4 Qe5 19. Rae1 a5 20. Qc3 Kg8 21. Re3
Qc5 22. Rfe1 Qb4 23. Qc2 Qc5 24. Qd3 Qg5 25. Qc3 Bd7 26. b3 Qe5 27. Qd2 a4 28.
b4 c5 29. bxc5 dxc5 30. Ne2 Be6 31. f4 Qf6 32. e5 Qd8 33. Qc3 Qa5 1/2-1/2